000 00776nam a2200241 i 4500
001 12482
003 ES-MaACL
005 20230906150324.0
007 t|
008 871119s1986 sp ||||0| spa j ..|
015 _a1988-ENE-1988-DIC-176
016 7 _zSAB9000006335
020 _a84-505-2819-4
040 _aM-BN-DP
_bspa
_cM-BN-DP
080 _a016:087.5
080 _a087.5:016
245 0 0 _aBibliografía básica para bibliotecas infantiles y juveniles.
260 _aMadrid :
_bDirección General del Libro y Bibliotecas,
_c1986.
300 _aXVIII, 341 p ;
_c24 cm.
650 1 4 _aLibros infantiles y juveniles-
_vBibliografías.
_914450
710 1 _aEspaña.
_bDirección General del Libro y Bibliotecas.
_93788
852 _aES-MaACL
_jL-19711
_bR.122012
999 _c12482
_d12482